| 000 | 00952nam0a22002651 4500 | ||
|---|---|---|---|
| 001 | rc\4883921 | ||
| 005 | 20250613025930.0 | ||
| 021 |
_aRU _b[61-11612] |
||
| 035 | _a(NLR Aleph) 008917905 | ||
| 090 |
_a8805479 _c8805479 |
||
| 100 | _a20130426d1961 |||y0rusy50 ca | ||
| 101 | 0 | _arus | |
| 102 | _aRU | ||
| 105 | _aa j ||||| | ||
| 200 | 1 |
_aТуберкулез _eКлиника, профилактика и лечение _e[Учебник для мед. ин-тов] |
|
| 210 |
_aМосква _cМедгиз _d1961 |
||
| 215 |
_a232 с., 23 л. ил. _cил. _d23 |
||
| 300 | _aПеред загл. авт.: заслуж. деятель науки проф. В.Л. Эйнис | ||
| 606 |
_aТуберкулез _jУчебники и пособия _2psbo |
||
| 700 | 1 |
_aЭйнис _bВ.Л. _f1890-1978 _gВладимир Львович |
|
| 801 | 0 |
_aRU _bNLR _gpsbo |
|
| 801 | 1 |
_aRU _bELAR _2rusmarc |
|
| 852 |
_aNLR _j61-5/1085 |
||
| 942 | _cBOOK | ||
| 980 | _aNB | ||